Seniors´ shopping decisions and their satisfaction with retail stores
Starnutie populácie. Špecifické atribúty spotrebiteľa - dôchodcu. Prieskum žiadostí a spokojnosti spotrebiteľov dôchodcov v maloobchodných sieťach v mestskej časti Bratislava - Karlova Ves.
Guardado en:
| Autor principal: | |
|---|---|
| Formato: | Capítulo de libro |
| Lenguaje: | inglés |
| Materias: | |
| Etiquetas: |
Sin Etiquetas, Sea el primero en etiquetar este registro!
|
MARC
| LEADER | 00000nla a2200000 4500 | ||
|---|---|---|---|
| 001 | 0180628 | ||
| 005 | 20240502073101.5 | ||
| 041 | 0 | |a eng | |
| 044 | |a SK | ||
| 245 | 1 | 0 | |a Seniors´ shopping decisions and their satisfaction with retail stores |c Michaela Krescanková |
| 520 | |a Starnutie populácie. Špecifické atribúty spotrebiteľa - dôchodcu. Prieskum žiadostí a spokojnosti spotrebiteľov dôchodcov v maloobchodných sieťach v mestskej časti Bratislava - Karlova Ves. | ||
| 610 | 2 | 0 | |a spotrebitelia |
| 610 | 2 | 0 | |a dôchodcovia |
| 610 | 2 | 0 | |a stratégia obchodná |
| 610 | 2 | 0 | |a maloobchod |
| 610 | 2 | 0 | |a rozhodovanie |
| 610 | 2 | 0 | |a spokojnosť zákazníkov |
| 100 | 1 | |a Krescanková, Michaela | |